000 00394 a2200169 4500
001 62187
020 _a9788516076917
040 _cAnchieta - Pituba
100 _aLeite, Maristela Pretili de Almeida
240 1 0 _aA melhor banda do mundo
_lpor
245 1 0 _aA melhor banda do mundo
300 _a214
362 0 _a2012
440 1 _aModerna
650 4 _aLiteratura juvenil
942 _cBK
999 _c62187
_d62187